LEADER 00860nam0 2200277 450 001 000027257 005 20101213112812.0 010 $a978-1-58720-181-3 010 $a1-58720-181-x 100 $a20100330d2008----km-y0itay50------ba 101 0 $aeng 102 $aUS 105 $aa-------001yy 200 1 $aCCNA ICND2$eofficial exam certification guide$fWendell Odom. 205 $a2nd ed. 210 $aIndianapolis, IN$cCisco Press$dc2008 215 $aXLV, 690 p.$cill.$d24 cm.$e1 DVD$e1 CD-ROM 500 10$aCCNA ICND2$942705 610 1 $aReti di elaboratori$aGuide studio$aEsami 676 $a004.6$v21$9Interfacciamento e comunicazioni 700 1$aOdom,$bWendell$0312047 801 0$aIT$bUNIPARTHENOPE$c20100330$gRICA$2UNIMARC 912 $a000027257 951 $aDSA 004-C/2$b3860$cDSA$d2010 996 $aCCNA ICND2$942705 997 $aUNIPARTHENOPE LEADER 01421nam 2200349 n 450 001 996391400103316 005 20221108082617.0 035 $a(CKB)4940000000105356 035 $a(EEBO)2240923229 035 $a(UnM)99854749 035 $a(EXLCZ)994940000000105356 100 $a19920804d1602 uy | 101 0 $aeng 135 $aurbn||||a|bb| 200 12$aA decacordon of ten quodlibeticall questions concerning religion and state$b[electronic resource] $ewherein the authour framing himfelfe [sic] a quilibet to euery quodlibet, decides an hundred crosse interrogatorie doubts, about the generall contentions betwixt the seminarie priests and Iesuits at this present 210 $a[London] $cNewly imprinted [by Richard Field]$d1602 215 $a[12], 361, [3] p 300 $aBy William Watson, whose name appears on 2B1r. 300 $aPrinter's name from STC. 300 $aRunning title reads: Quodlibets of religion and state. 300 $aThe last leaf is blank. 300 $aReproduction of the original in the Henry E. Huntington Library and Art Gallery. 330 $aeebo-0113 700 $aWatson$b William$f1559?-1603.$01006568 801 0$bCu-RivES 801 1$bCu-RivES 801 2$bCStRLIN 801 2$bWaOLN 906 $aBOOK 912 $a996391400103316 996 $aA decacordon of ten quodlibeticall questions concerning religion and state$92403169 997 $aUNISA